Stereo hearts - (all lyrics) - Statistics

General Stats
  • This quiz has been taken 61 times
  • The average score is 225 of 333
Answer Stats
Answer % Correct
a
100%
I
100%
My
100%
my
100%
stereo
100%
you,
100%
you
100%
for
98%
Hear
98%
heart's
98%
It
96%
it
96%
so
96%
(so
96%
be
94%
me
94%
me)
94%
in
92%
beats
90%
listen
90%
(listen)
90%
close
88%
every
88%
to
88%
to,
88%
your
86%
feel
84%
Make
84%
make
84%
when
82%
And
80%
and
80%
Thought
80%
was
80%
low
78%
note
78%
radio
78%
turn
78%
(turn
78%
on
76%
on)
76%
up
76%
up)
76%
(Oh,
74%
oh)
74%
thoughts
74%
melody
70%
sing
70%
(sing
70%
the
70%
This
70%
meant
66%
along
64%
If
62%
hand
58%
hand,
58%
Just
56%
just
56%
can
54%
that?
54%
that
54%
love
52%
only
52%
find
48%
find)
48%
never
48%
(never
48%
now
48%
is
46%
play
46%
Because
44%
behind
44%
hard
44%
like
44%
Like
44%
like)
44%
leave
42%
Would
42%
yeah,
42%
(yeah)
42%
could
40%
else?
40%
everybody
40%
music
40%
you're
40%
dusty
38%
good
38%
hold
38%
mind
38%
mine
38%
shelf
38%
take
38%
another
36%
back,
36%
but
36%
closer
34%
I'm
34%
pray
34%
baby)
32%
'Cause
32%
changing
32%
know
32%
scratch
32%
you'll
32%
Class
30%
dead,
30%
(Gym
30%
Hero,
30%
over
30%
understand
30%
by
28%
little
28%
record
28%
used
28%
It's
26%
off
26%
tune
26%
asked
24%
bit)
24%
handle
22%
manage
22%
plays
22%
favorite
20%
I'd
20%
keep
20%
ancient
18%
couple
18%
head,
18%
any
16%
artifacts
16%
cracks
16%
ear
16%
oh-oh,
16%
tracks
16%
blow
14%
Furthermore,
14%
grab
14%
left
14%
played
14%
skipping
14%
grudges
12%
holding
12%
inside
12%
last
12%
no-ote
12%
apologize
10%
girl
10%
softly
10%
there)
10%
(come
8%
(right
8%
stuck
8%
Travie,
8%
check
6%
yikky
2%
No matching quizzes found
Score Distribution
Percent of People with Each Score
Percentile by Number Answered
Your Score History
You have not taken this quiz